MARC details
| 000 -LEADER |
| fixed length control field |
02321cam a2200385 i 4500 |
| 001 - CONTROL NUMBER |
| control field |
bcotR000015 |
| 005 - DATE AND TIME OF LATEST TRANSACTION |
| control field |
20210215102133.0 |
| 006 - FIXED-LENGTH DATA ELEMENTS--ADDITIONAL MATERIAL CHARACTERISTICS |
| fixed length control field |
m o d |
| 007 - PHYSICAL DESCRIPTION FIXED FIELD--GENERAL INFORMATION |
| fixed length control field |
cr cn ---uuuuu |
| 008 - FIXED-LENGTH DATA ELEMENTS--GENERAL INFORMATION |
| fixed length control field |
131104s2013 xx o 000 0 eng d |
| 035 ## - SYSTEM CONTROL NUMBER |
| System control number |
(Sirsi) sarah0026545 |
| 035 ## - SYSTEM CONTROL NUMBER |
| System control number |
(OCoLC)884028996 |
| 037 ## - SOURCE OF ACQUISITION |
| Source of stock number/acquisition |
BCOpenCampus |
| Terms of availability |
CostFree |
| Form of issue |
FormOnline |
| Additional format characteristics |
AccessOpen |
| 040 ## - CATALOGING SOURCE |
| Original cataloging agency |
BNM |
| Language of cataloging |
eng |
| Modifying agency |
CaBSKC |
| Description conventions |
rda |
| 050 #4 - LIBRARY OF CONGRESS CALL NUMBER |
| Classification number |
B791 |
| Item number |
O88 2013 |
| 100 1# - MAIN ENTRY--PERSONAL NAME |
| Personal name |
Ott, Walter, |
| Relator term |
author. |
| 245 10 - TITLE STATEMENT |
| Title |
Modern philosophy / |
| Statement of responsibility, etc. |
[Walter Ott, Alexander Dunn]. |
| 264 #1 - PRODUCTION, PUBLICATION, DISTRIBUTION, MANUFACTURE, AND COPYRIGHT NOTICE |
| Name of producer, publisher, distributor, manufacturer |
[Publisher not identified], |
| 264 #2 - PRODUCTION, PUBLICATION, DISTRIBUTION, MANUFACTURE, AND COPYRIGHT NOTICE |
| Name of producer, publisher, distributor, manufacturer |
BCcampus, BC Open Textbook Project |
| 300 ## - PHYSICAL DESCRIPTION |
| Extent |
1 online resource (240 pages) |
| 500 ## - GENERAL NOTE |
| General note |
This work is licensed under the Creative Commons Attribution-NonCommercial-ShareAlike License. |
| 500 ## - GENERAL NOTE |
| General note |
This bibliographic record is available under the Creative Commons CC0 "No Rights Reserved" license. |
| 520 ## - SUMMARY, ETC. |
| Summary, etc. |
"This is a textbook (or better, a workbook) in modern philosophy. It combines readings from primary sources with two pedagogical tools. Paragraphs in italics introduce figures and texts. Numbered study questions (also in italics) ask students to reconstruct an argument or position from the text, or draw connections among the readings. And I [ie. Alexander Dunn] have added an introductory chapter (Chapter 0 - Minilogic and Glossary), designed to present the basic tools of philosophy and sketch some principles and positions. The immediate goal is to encourage students to grapple with the ideas rather than passing their eyes over the texts. This makes for a better classroom experience and permits higher-level discussions."--BCcampus website. |
| 588 ## - SOURCE OF DESCRIPTION NOTE |
| Source of description note |
Description based on version viewed on BCcampus OpenEd website; title from pdf title page. |
| 650 #0 - SUBJECT ADDED ENTRY--TOPICAL TERM |
| Topical term or geographic name entry element |
Philosophy, Modern |
| Form subdivision |
Textbooks. |
| 655 #0 - INDEX TERM--GENRE/FORM |
| Genre/form data or focus term |
Electronic books. |
| 700 1# - ADDED ENTRY--PERSONAL NAME |
| Personal name |
Dunn, Alexander, |
| Relator term |
author. |
| 710 2# - ADDED ENTRY--CORPORATE NAME |
| Corporate name or jurisdiction name as entry element |
BC Open Textbook Project, |
| Relator term |
distributor. |
| 710 2# - ADDED ENTRY--CORPORATE NAME |
| Corporate name or jurisdiction name as entry element |
BCcampus. |
| 856 40 - ELECTRONIC LOCATION AND ACCESS |
| Materials specified |
BC Open Textbook Project |
| Uniform Resource Identifier |
<a href="https://open.bccampus.ca/find-open-textbooks/?uuid=dd65d35e-4b82-4278-b9e6-8848e4e5c092 ">https://open.bccampus.ca/find-open-textbooks/?uuid=dd65d35e-4b82-4278-b9e6-8848e4e5c092 </a> |